Mark twain the prince and the pauper

Guardat en:
Dades bibliogràfiques
Format: Llibre
Etiquetes: Afegir etiqueta
Sense etiquetes, Sigues el primer a etiquetar aquest registre!
Thư viện lưu trữ: Mạng thư viện Đại học Đà Nẵng
LEADER 00418nam a22001691a 4500
001 000040617
003 16912
005 20160412023243.0
008 160412s0 000
082 |a A23152 
245 |a Mark twain the prince and the pauper  |c Lucy Rollin 
OWN |a LNN 
999 |a From the UDN01 
TYP |a Monograph 
980 |a Mạng thư viện Đại học Đà Nẵng